| 000 | 00548nam a22001817a 4500 | ||
|---|---|---|---|
| 003 | MPLRDC | ||
| 005 | 20220104190906.0 | ||
| 008 | 210129b ||||| |||| 00| 0 eng d | ||
| 020 | _a978-967-0199-51-1 | ||
| 082 | _a783.868 MAH-13 | ||
| 100 | _aTUN MAHATHIR BIN MOHAMAD | ||
| 245 |
_a医生当家 _c张立德、张庆禄 译 |
||
| 250 | _a初版 | ||
| 260 |
_a马来西亚 _bSEASHORE PUBLISHING (M) SDN BHD, MPH GROUP PUBLISHING SDN BHD _c2011 |
||
| 300 | _b精 | ||
| 650 | _a马来西亚人物传记--马哈迪 | ||
| 942 |
_cBK _o783.868 MAH-13 |
||
| 999 |
_c63999 _d63989 |
||